000 00321nam a22001217a 4500
008 180512b xxu||||| |||| 00| 0 eng d
041 _aeng
080 _a043.3
100 _a0
101 _aMBE-BA
245 _aMenaxhimi i Burimeve Njerzore: Statistika te zgjedhura mbi Sektorin Financiar
_cMakolli, B
942 _2udc
_cBK
999 _c45719
_d45719